000 00541nam a2200181Ia 4500
003 GCL
008 140319s9999 xx 000 0 ara d
040 _aGCL /
_cGCL
082 0 4 _a189.9
_bع ف
100 1 _aعبدالعال سالم مكرم
245 1 0 _aالفكر الاسلامى بين العقل والوحى /
_cعبدالعال سالم مكرم
300 _a126
490 _a100 قصة
_v0
650 0 4 _aالعصر الحديث
650 0 4 _aالفلسفة الاسلامية
650 0 4 _aالتفكير
942 _2ddc
_cBK
999 _c46178
_d46178